000 00335nam a2200133Ia 4500
008 230627s9999 xx 000 0 und d
041 _aeng
082 _a346.059
_bSNE
100 _aSnell,Megarry R
245 _aPrinciples Of Equity
250 _a27ed.
260 _aLondon
_bSweet And Maxwell Limited
_c1973
700 _a Baker P.V.
999 _c681706
_d681706